| 000 | 00622nam a2200229Ia 4500 | ||
|---|---|---|---|
| 003 | OSt | ||
| 005 | 20220918202358.0 | ||
| 006 | a|||||r|||| 00| 0 | ||
| 007 | ta | ||
| 008 | 220917b |||||||| |||| 00| 0 eng d | ||
| 024 | _a100,785 | ||
| 037 | _cTextual | ||
| 040 |
_aARTS _cARTS _beng |
||
| 041 |
_2eng _aeng |
||
| 082 | _aV2316J7, J7.2 (EVT) | ||
| 100 |
_aCommissariat M S _9103459 |
||
| 245 | 0 | _aHistory of Gujarat, 1573-1758 | |
| 260 |
_aBombay _bOrient Longman _c1957 |
||
| 650 | _aHISTORY | ||
| 942 |
_hV2316J7, J7.2 (EVT) _cTEXL _2CC |
||
| 999 |
_c224303 _d224303 |
||